000 00686nam a2200217 a 4500
001 56463
003 BD-RjUL
005 20211209080410.0
008 161129s1988 b ||||| |||| 00| 0 eng d
020 _c Tk. 150.00
035 _a(BD-RjUL)56587
040 _aBD-RjUL
_beng
_cBD-RjUL
_dBD-RjUL
041 _aeng
082 _223
_a338.763
_bWOM 1988
245 1 0 _aWoman's contribution to homestead agricultural production systems in bangladesh /
_cMd.Sahadad hussain ...[et al ]
260 _aBangladesh :
_bAcademy for rural development,
_c1988
300 _axiii, 344 p. :
_bill. ;
_c24 cm.
650 _aAgriculture
_9167942
700 _ahussainMd. Sahadad
_9167943
942 _2ddc
_cBK
999 _c56463
_d56463